Pierre S. du Pont and the making of the modern corporation

Αποθηκεύτηκε σε:
Λεπτομέρειες βιβλιογραφικής εγγραφής
Κύριος συγγραφέας: Chandler, Alfred D.
Μορφή: Βιβλίο
Γλώσσα:Undetermined
Έκδοση: New York Harper and Row 1971
Θέματα:
Ετικέτες: Προσθήκη ετικέτας
Δεν υπάρχουν, Καταχωρήστε ετικέτα πρώτοι!
Thư viện lưu trữ: Trung tâm Học liệu Trường Đại học Cần Thơ
LEADER 00538nam a2200181Ia 4500
001 CTU_81107
008 210402s9999 xx 000 0 und d
082 |a 338.8 
082 |b C456 
100 |a Chandler, Alfred D. 
245 0 |a Pierre S. du Pont and the making of the modern corporation 
245 0 |c Alfred D. Chandler, Stephen Salsbury 
260 |a New York 
260 |b Harper and Row 
260 |c 1971 
650 |a General motor corporate 
904 |i Trọng Hải 
980 |a Trung tâm Học liệu Trường Đại học Cần Thơ